00349nam a2200121 a 4500008004100000020001800041050001500059100002000074245005700094260003900151300002100190650001600211130627s1993 ||||||||||||||||| || u a9780333554777 aTA 147 Wat aWatson, Keith L10aFoundation science for engineerscBy Keith L. Watson aLondon:bMacmillan Press Ltdc1993 avii, 311p.: ill. aENGINEERING